|
|
|
|
| LEADER |
00000naa2a2200000 4500 |
| 001 |
381861 |
| 005 |
20231101062901.0 |
| 035 |
|
|
|a (RuTPU)RU\TPU\prd\4976
|
| 090 |
|
|
|a 381861
|
| 100 |
|
|
|a 20020620a2002 k y0rusy50 ca
|
| 101 |
0 |
|
|a rus
|
| 102 |
|
|
|a RU
|
| 200 |
1 |
|
|a Третий возраст
|f Е. Клещенко
|
| 225 |
1 |
|
|a Проблемы и методы науки
|
| 461 |
|
1 |
|0 (RuTPU)RU\TPU\prd\1643
|t Химия и жизнь - XXI век
|o научно-популярный журнал
|f Роспром ; Институт новых технологий (ИНТ)
|d 1996-
|
| 463 |
|
1 |
|0 (RuTPU)RU\TPU\prd\2064
|t № 1
|v С. 28-33
|d 2002
|
| 610 |
1 |
|
|a старость
|
| 610 |
1 |
|
|a третий возраст
|
| 610 |
1 |
|
|a пенсионеры
|
| 610 |
1 |
|
|a старение
|
| 700 |
|
1 |
|a Клещенко
|b Е.
|
| 801 |
|
1 |
|a RU
|b 63413507
|c 20020620
|g PSBO
|
| 801 |
|
2 |
|a RU
|b 63413507
|c 20120903
|g PSBO
|
| 942 |
|
|
|c BK
|